A Giant's Opinions on Humans Quiz Stats

 Plays Quiz Updated Apr 4, 2014

Also try: Roald Dahl Books
Challenge
Share
Tweet
Embed
Score 0/10 Timer 02:00
0 Plays Today
What do... Taste % Correct
Humans from Turkey taste like?Turkey
95.6%
Humans from Wales taste like?Fish
77.2%
Humans from Greece taste like?Grease
72.2%
Humans from Chile taste like?Chili Beans
61.7%
Humans from Denmark taste like?Labradors
55.9%
Humans from Jersey taste like?Jersey
27.5%
Humans from Wellington taste like?Wellington Boots
21.8%
Humans from Panama taste like?Panama Hats
21%
Humans from Labrador taste like?Great Danes
18.3%
Humans from England taste like?Crodscollop
0.9%

You're not logged in!

Compare scores with friends on all Sporcle quizzes.
Join for Free
OR
Log In

You Might Also Like...

Show Comments

Extras

Top Quizzes Today


Score Distribution

Your Account Isn't Verified!

In order to create a playlist on Sporcle, you need to verify the email address you used during registration. Go to your Sporcle Settings to finish the process.

Report this User

Report this user for behavior that violates our Community Guidelines.

Details: